Présent, nation, mémoire (Registro nro. 184593)
[ vista simple ]
| 000 -ENCABEZADO | |
|---|---|
| Número de control [NR] | 01033cam a2200253 i 4500 |
| 005 - FECHA Y HORA DE LA ÚLTIMA TRANSACCIÓN | |
| control field | 20140903175027.0 |
| 008 - DE LONGITUD FIJA DE DATOS DE ELEMENTOS - INFORMACIÓN GENERAL | |
| Elementos de longitud fija [NR] | 111011s2011 fr frn 000 0 fre d |
| 020 ## - NUMERO INTERNACIONAL NORMALIZADO PARA LIBROS [R] | |
| Número Internacional Normalizado del libro [NR] | 9782070135479 |
| 040 ## - FUENTE DE CATALOGACION [NR] | |
| Agencia de catalogación original [NR] | Co-BoUCM |
| Idioma de catalogación [NR] | spa |
| Quien Cataloga | |
| Quien Clasifica | Aldemar Mondragón |
| 041 0# - CODIGO DE IDIOMA [R] | |
| Código de idioma para texto/pista de sonido o título separado [R] | Francés |
| 100 1# - ASIENTO PRINCIPAL--NOMBRE PERSONAL [NR] | |
| Nombre personal [NR] | Nora, Pierre |
| ID Autoridad | 56662 |
| 245 10 - MENCION DE TITULO [NR] | |
| Título [NR] | Présent, nation, mémoire |
| Mención de responsabilidad, etc. [NR] | Pierre Nora |
| 260 ## - PUBLICACION, DISTRIBUCION, ETC. (PIE DE IMPRENTA) [R] | |
| Lugar de publicación, distribución, etc. [R] | París (Francia) |
| Nombre del editor, distribuidor, etc. [R] | Gallimard |
| Fecha de publicación, distribución, etc. [R] | 2011 |
| 300 ## - DESCRIPCION FISICA [R] | |
| Extensión [R] | 420 paginas |
| 490 0# - MENCION DE SERIE [R] | |
| Mención de serie [R] | Bibliothèque des histoires |
| 650 #7 - ASIENTO SECUNDARIO DE MATERIA - TERMINO TEMATICO [R] | |
| Término temático o nombre geográfico como elemento de entrada [NR] | Memoria colectiva |
| Subdivisión geográfica [R] | Francia |
| 9 (RLIN) | 56667 |
| 650 #7 - ASIENTO SECUNDARIO DE MATERIA - TERMINO TEMATICO [R] | |
| Término temático o nombre geográfico como elemento de entrada [NR] | Memoria |
| Subdivisión general [R] | Aspectos políticos |
| Subdivisión geográfica [R] | Francia |
| 9 (RLIN) | 56663 |
| 650 #7 - ASIENTO SECUNDARIO DE MATERIA - TERMINO TEMATICO [R] | |
| Término temático o nombre geográfico como elemento de entrada [NR] | Nacionalismo |
| Subdivisión geográfica [R] | Francia |
| 9 (RLIN) | 56256 |
| 650 #7 - ASIENTO SECUNDARIO DE MATERIA - TERMINO TEMATICO [R] | |
| Término temático o nombre geográfico como elemento de entrada [NR] | Simbolismo |
| Subdivisión general [R] | Aspectos políticos |
| Subdivisión geográfica [R] | Francia |
| 9 (RLIN) | 56664 |
| 690 ## - ASUNTO AGREGADO LOCAL DE ENTRADA - TÉRMINO TEMÁTICO (OCLC, RLIN) | |
| 9 (RLIN) | 42846 |
| Acceso temático local | Historia de Europa |
| 856 41 - LOCALIZACION Y ACCESO ELECTRONICOS [R] | |
| Especificación de los materiales [NR] | Consulte las tablas de contenido haciendo clic aquí |
| Identificador Uniforme del Recurso (“URI”) [R] | <a href="http://bvbr.bib-bvb.de:8991/F?func=service&doc_library=BVB01&doc_number=024621005&line_number=0001&func_code=DB_RECORDS&service_type=MEDIA">http://bvbr.bib-bvb.de:8991/F?func=service&doc_library=BVB01&doc_number=024621005&line_number=0001&func_code=DB_RECORDS&service_type=MEDIA</a> |
| 942 ## - ELEMENTOS DE ENTRADA AGREGADOS (KOHA) | |
| Tema principal | Historia |
| Tipo de ítem principal el descrito en 300a | Libro |
| Edición | 1 |
| Parte restante de la signatura top. | N822p |
| Sistema de clasificación | DEWEY |
| Clasificación | 944 |
| Fecha de último préstamo | Total préstamos | Total Renewals | Signatura topográfica | Código de barras | Última vez visto | Ejemplar | Costo de reposición | Price effective from | Tipo de ítem | Perdido | Sistema de clasificación | Dañado | No prestable | Tipo de ítem específico | Suprimido | Ubicación habitual | Ubicación actual | Localización | Fecha de creación | Proveedor | Forma de adquisición | Costo |
|---|---|---|---|---|---|---|---|---|---|---|---|---|---|---|---|---|---|---|---|---|---|---|
| 25/04/2016 | 2 | 2 | 944 N822p | 100140359 | 09/12/2025 | Ej.1 | 80300.00 | 22/01/2014 | Libro | DEWEY | Libro | Claustro | Claustro | 2do piso | 22/01/2014 | 15 | Compra | 80300.00 |